| 000 | 004740000a22001930004500 | ||
|---|---|---|---|
| 999 |
_c49026 _d49026 |
||
| 001 | 1872 | ||
| 003 | CO-MdFUSB | ||
| 005 | 20170816144147.0 | ||
| 008 | 170816b xxu||||| |||| 00| 0 eng d | ||
| 020 | _a978-968-16-8335-l | ||
| 040 | _cCO-MdBIC | ||
| 082 | 0 | 4 | _a863C P288s |
| 100 | 1 | _aPavisic, Jenny | |
| 245 | 1 | 0 | _a¿Sansón? / Jenny Pavisic ; ilustraciones Margarita Sada |
| 260 | _aMéxico : FCE | ||
| 300 | _a28 P. | ||
| 650 | 1 | 4 | _aLiteratura Infanil |
| 942 | _cLGB | ||